[Event "Deltalift op"]
[Site "Tylosand"]
[Date "2019.05.31"]
[Round "6"]
[White "Petersson, Baldur Teodor"]
[Black "Ytterberg, Felix"]
[Result "1/2-1/2"]
[WhiteElo "2163"]
[BlackElo "2018"]
[PlyCount "95"]
[EventDate "2019.05.30"]
[EventType "swiss"]
[EventRounds "8"]
[EventCountry "SWE"]
[SourceTitle "CBM 190 Extra"]
[Source "ChessBase"]
[SourceDate "2019.07.15"]
[SourceVersion "1"]
[SourceVersionDate "2019.07.15"]
[SourceQuality "1"]

1. Nf3 Nf6 2. g3 d5 3. Bg2 g6 4. 0-0 Bg7 5. d3 0-0 6. Nbd2 b6 7. e4 dxe4 8. dxe4 Bb7 9. Re1 Nxe4 10. Nxe4 Qxd1 11. Rxd1 Bxe4 12. Re1 f5 13. Ng5 Bxg2 14. Kxg2 Re8 15. Ne6 Na6 16. c3 Rab8 17. Bf4 Rb7 18. Rad1 Bf6 19. Nd8 Rb8 20. Nc6 Rb7 21. Be5 Bxe5 22. Rxe5 e6 23. Nd8 Rb8 24. Nxe6 Nc5 25. Nxc5 Rxe5 26. Nd7 Rd8 27. Nf6+ Kf7 28. Rxd8 Kxf6 29. Kf3 Re7 30. h4 h6 31. Rh8 Kg7 32. Ra8 c5 33. b4 cxb4 34. cxb4 g5 35. hxg5 hxg5 36. a4 Kf6 37. Rf8+ Rf7 38. Rxf7+ Kxf7 39. Ke3 Ke6 40. Kd4 Kd6 41. f3 a6 42. Kc4 Kc6 43. b5+ axb5+ 44. axb5+ Kd6 45. Kd4 Ke6 46. f4 gxf4 47. gxf4 Kd6 48. Kc4 1/2-1/2

[Event "Nordic-ch U15"]
[Site "Heinola"]
[Date "2018.02.11"]
[Round "5"]
[White "Ytterberg, Felix"]
[Black "Briem, Stephan"]
[Result "1-0"]
[WhiteElo "1875"]
[BlackElo "1876"]
[PlyCount "69"]
[EventDate "2018.02.09"]
[EventType "swiss"]
[EventRounds "6"]
[EventCountry "FIN"]
[SourceTitle "EXT 2019"]
[Source "ChessBase"]
[SourceDate "2018.10.10"]
[SourceVersion "1"]
[SourceVersionDate "2018.10.10"]
[SourceQuality "1"]

1. d4 e6 2. c4 f5 3. Nc3 Nf6 4. Qc2 Be7 5. e3 b6 6. Bd3 Bb7 7. f3 d6 8. Nge2 g6 9. Nf4 Bc8 10. 0-0 0-0 11. a3 e5 12. Nfd5 Be6 13. Nxe7+ Qxe7 14. b4 Nbd7 15. Bb2 c6 16. Rfe1 Rae8 17. Rad1 Qf7 18. Nb1 Nh5 19. Bf1 e4 20. d5 cxd5 21. cxd5 Ndf6 22. dxe6 Qxe6 23. f4 Rc8 24. Qd2 Qb3 25. Rc1 Rfd8 26. Rxc8 Rxc8 27. Rc1 Rxc1 28. Qxc1 d5 29. Be2 Ng4 30. Bd4 Qa2 31. Nc3 Qb3 32. Nxd5 Qa4 33. Qc8+ Kf7 34. Qc7+ Ke6 35. Nxb6 1-0

[Event "Nordic-ch U15"]
[Site "Heinola"]
[Date "2018.02.10"]
[Round "3"]
[White "Stage Steffensen, Sander"]
[Black "Ytterberg, Felix"]
[Result "1-0"]
[WhiteElo "1913"]
[BlackElo "1875"]
[PlyCount "125"]
[EventDate "2018.02.09"]
[EventType "swiss"]
[EventRounds "6"]
[EventCountry "FIN"]
[SourceTitle "EXT 2019"]
[Source "ChessBase"]
[SourceDate "2018.10.10"]
[SourceVersion "1"]
[SourceVersionDate "2018.10.10"]
[SourceQuality "1"]

1. e4 e5 2. Nf3 Nc6 3. Bc4 Bc5 4. c3 Nf6 5. d3 0-0 6. 0-0 d5 7. exd5 Nxd5 8. Nbd2 Bg4 9. Re1 Bb6 10. h3 Bh5 11. Ne4 f6 12. b4 Bf7 13. Ba3 Re8 14. Qb3 Kh8 15. Rad1 a6 16. Bc1 Bg8 17. a4 Qd7 18. Ng3 Rad8 19. Be3 Nxe3 20. fxe3 Bxc4 21. Qxc4 Qe6 22. Qxe6 Rxe6 23. Kf1 Rde8 24. Nd2 Ne7 25. e4 Ng6 26. Nb3 R6e7 27. Nf5 Rd7 28. Nc5 Bxc5 29. bxc5 b6 30. c6 Rdd8 31. d4 exd4 32. cxd4 Ne7 33. d5 g6 34. Nd4 Rd6 35. Ne6 Rc8 36. Nf4 Rcd8 37. Ke2 Kg8 38. a5 b5 39. Ne6 Rc8 40. Nc5 f5 41. Nb7 Rf6 42. e5 Rff8 43. Kf2 Kf7 44. Re2 g5 45. Rc2 Rb8 46. Nc5 Ra8 47. Ne6 Rfc8 48. Nxg5+ Kg6 49. Ne6 Kf7 50. Ng5+ Kg6 51. h4 h6 52. Nh3 f4 53. Nxf4+ Kf5 54. Nh5 Rf8 55. Kg3 Rg8+ 56. Kh3 Ng6 57. Re2 Nxh4 58. Rf1+ Kg5 59. Nf6 Rgf8 60. Nh7+ Kh5 61. g4+ Kg6 62. Nxf8+ Rxf8 63. Rxf8 1-0

[Event "Stockholm op"]
[Site "Stockholm"]
[Date "2017.08.21"]
[Round "9"]
[White "Evertsson, Rune"]
[Black "Ytterberg, Felix"]
[Result "1/2-1/2"]
[WhiteElo "1998"]
[BlackElo "1928"]
[PlyCount "33"]
[EventDate "2017.08.15"]
[EventType "swiss"]
[EventRounds "9"]
[EventCountry "SWE"]
[SourceTitle "CBM 180 Extra"]
[Source "ChessBase"]
[SourceDate "2017.10.06"]
[SourceVersion "1"]
[SourceVersionDate "2017.10.06"]
[SourceQuality "1"]

1. c4 Nf6 2. d4 g6 3. g3 Bg7 4. Bg2 0-0 5. Nf3 d6 6. 0-0 Nc6 7. Nc3 a6 8. Qc2 Rb8 9. Rd1 b5 10. b3 Na5 11. Nd2 Nd7 12. e3 c5 13. Qd3 bxc4 14. bxc4 Bb7 15. Ba3 Bxg2 16. Kxg2 Qc7 17. Rdc1 1/2-1/2